000 01285nam a2200313 a 4500
999 _c193127
_d193127
003 BLK
005 20240610154741.0
008 180411b bul|||||r ||||||| ||bul||
010 _aKNG00202341000
040 _aBLK
041 _aBUL
_cBUL
_hENG
080 _aАнглийска литература
_b821.111
_x-31
_z821.111-31
100 1 _aФрансис, Дик
_eпърви автор
_9371310
139 _aФрансис, Дик
_bФ 78
245 1 0 _aНокдаун
_bКримин. роман
_cДик Франсис; прев. от англ. Иванка Ангелова.
257 _aBGR
260 _aСофия
_bНар. култура
_c1992
300 _a191 с.
_c20 см
380 _aX
490 _aКриминален роман
_9208975
700 _aАнгелова, Иванка
_d1956-
_gФилолог, английска филология. Преводач от английски език
_qГеоргиева-Владимирова, Иванка Ангелова
_9377186
852 _aЦб 168708
856 4 _qpdf
_i11.70
_ldisable
856 4 _qpdf
_i11.70
_ldisable
942 _cKNG
_n0
_s1
944 _aCR
_c06.03.2017
_k30560
_lГеновева Генчева
944 _aED
_c06.03.2017
_kХристина_Везирева
999 _d193127